00000000nam##2200000za#4500
0019.669502
003CaOODSP
00520230201095211
007ta
008150407|2007||||xxc|||||     f|0| 0 fre|d
020 |a978-0-662-05314-9
040 |aCaOODSP|bfre
041 |aeng
041 |afre
043 |an-cn---
0861 |aPS64-2/1-2007
1102 |aGendarmerie royale du Canada.
24513|aLa drogue et le sport / |cService de sensibilisation aux drogues et au crime organisé.
260 |aOttawa - Ontario : |bGendarmerie royale du Canada |cc2007.
300 |a1 feuille pliée (texte français, [7]p.) ; |c9 cm.
563 |aDépliant
590 |a08-03|b2008-01-18
69107|aMédicament en vente libre|2gcpds
69107|aSport|2gcpds
7760#|tLa drogue et le sport |w(CaOODSP)9.634817
7760#|tDrugs and sport |w(CaOODSP)9.690453
791 |tDrugs and sport / |eeng|w(CaOODSP)9.669501